| 000 | 01399nam a2200289 i 4500 | ||
|---|---|---|---|
| 001 | 104036 | ||
| 003 | ES-MaACL | ||
| 007 | t| | ||
| 008 | 051122s1911 fr ||||1| fre d | ||
| 245 | 0 | 4 |
_aLes méthodes juridiques _b: leçons faites au College livre des Sciences sociales en 1910. |
| 260 |
_aParis : _bV. Giard, _c1911. |
||
| 300 |
_aXXIV, 231 p. ; _c23 cm. |
||
| 490 | 1 |
_aEtudes économiques et sociales ; _vXII |
|
| 505 | 8 | _aContiene: Paul Deschanel.- Preface.-- R. Saleilles.- Introducion.-- F. Larnaude.- Le droit public.Sa conception.Sa méthode.- H. Barthelemy.- La méthode applicable á l'étude du droit administratif.-- H. Truchy.- Les méthodes en économie politiqué.-- A. Tissier.- La rôle social et economiqué des régles de la procedure civiles.- Pillet.- La méthode en droit international privé.-- F. Géng.- Les procedes d'elaboration du droit civil.-- E. Garçon.- de la méthode du droit criminal | |
| 700 | 1 |
_aDeschanel, Paul. _943850 |
|
| 700 | 1 |
_aSaleilles, Raymond. _9101868 |
|
| 700 | 1 |
_aLarnaude, Ferdinand. _970274 |
|
| 700 | 1 |
_aBarthelemy, H. _926118 |
|
| 700 | 1 |
_aTruchy, H. _9111541 |
|
| 700 | 1 |
_aTissier, Albert. _9110339 |
|
| 700 | 1 |
_aPillet, Felix. _992032 |
|
| 700 | 1 |
_aGéng, F. _956312 |
|
| 700 | 1 |
_aGarçon, E. _955478 |
|
| 830 | 0 |
_aEtudes économiques et sociales ; _vXII _9184131 |
|
| 852 |
_aES-MaACL _jG-3049 |
||
| 999 |
_c104036 _d104036 |
||